[Event "IX Floripa Chess Open Fort Atacadista"]
[Site "Florianópolis - Santa Catari"]
[Date "2023.01.26"]
[Round "6.29"]
[White "Carvalho, Guillermo"]
[Black "Benitez, Andres"]
[Result "1/2-1/2"]
[WhiteElo "2154"]
[BlackElo "1980"]
[PlyCount "117"]
[EventDate "2023.01.23"]
[EventRounds "10"]
[EventCountry "BRA"]

1. c4 e6 2. Nc3 d5 3. cxd5 exd5 4. d4 Nf6 5. Bg5 c6 6. Qc2 Be7 7. e3 O-O 8. Bd3
h6 9. Bf4 Re8 10. Nf3 Bd6 11. Bxd6 Qxd6 12. O-O Nbd7 13. h3 Qe7 14. Nd2 Nf8 15.
Rae1 Ne6 16. Nf3 Nd7 17. e4 dxe4 18. Bxe4 Nf6 19. d5 cxd5 20. Nxd5 Nxd5 21.
Bxd5 Qc7 22. Qxc7 Nxc7 23. Rxe8+ Nxe8 24. Ne5 Be6 25. Bxb7 Rb8 26. Bc6 f6 27.
Nf3 Nc7 28. b3 Na6 29. Re1 Bf7 30. Bd7 Nb4 31. Re2 Rd8 32. Ba4 Rd1+ 33. Kh2 Ra1
34. Re7 a6 35. Rb7 Nxa2 36. Bc6 Nc3 37. Nd4 Ra5 38. b4 Ra2 39. f4 Bd5 40. Bxd5+
Nxd5 41. Nf5 Nxf4 42. Rxg7+ Kf8 43. Rg4 Nd5 44. Rd4 Nc3 45. Nxh6 Kg7 46. Nf5+
Kg6 47. Nh4+ Kf7 48. Nf3 Ke6 49. h4 a5 50. bxa5 Rxa5 51. Kh3 Nd5 52. Rc4 Kf5
53. Nd4+ Kg6 54. Nc6 Ra3+ 55. Kh2 Ra2 56. h5+ Kh6 57. Rg4 Ne3 58. Rg8 Rxg2+ 59.
Rxg2 1/2-1/2

[Event "IX Floripa Chess Open Fort Atacadista"]
[Site "Florianópolis - Santa Catari"]
[Date "2023.01.26"]
[Round "6.30"]
[White "De Oliveira, Gustavo Alfredo Bue"]
[Black "Barrientos, Ernesto"]
[Result "1-0"]
[WhiteElo "2150"]
[BlackElo "1934"]
[PlyCount "115"]
[EventDate "2023.01.23"]
[EventRounds "10"]
[EventCountry "BRA"]

1. Nf3 c5 2. b3 Nf6 3. Bb2 e6 4. e3 d5 5. Bb5+ Nbd7 6. O-O Bd6 7. Ne5 O-O 8. d4
cxd4 9. exd4 Qc7 10. Qe2 Ne4 11. f3 Nef6 12. Bd3 Ne8 13. f4 g6 14. c4 Ng7 15.
Nc3 f6 16. Nb5 Qb8 17. Nxd6 Qxd6 18. c5 Qc7 19. Ng4 a5 20. Rac1 Nb8 21. Qf2 f5
22. Ne5 Nc6 23. Qh4 a4 24. Rf3 Nxe5 25. fxe5 axb3 26. axb3 Ra2 27. Bc3 Ne8 28.
Rcf1 b6 29. Bb1 Ra8 30. Bb4 bxc5 31. Bxc5 Rf7 32. Qg5 Ra1 33. Rc1 Qd7 34. h4
Ba6 35. h5 Rg7 36. h6 Rf7 37. Rfc3 Bb5 38. Kh2 Ra8 39. Bc2 Be2 40. Re3 Qb5 41.
Re1 Bg4 42. Bd3 Qd7 43. Rg3 Kh8 44. Rf1 Bh5 45. b4 Nc7 46. Rb1 Nb5 47. Rc1 Qb7
48. Bf1 Qd7 49. Qd2 Kg8 50. Qd3 Rb8 51. Ra1 Qc6 52. Ra5 Rfb7 53. Qd2 Kf7 54.
Qg5 Qd7 55. Qf6+ Kg8 56. Bxb5 Rxb5 57. Rxb5 Qxb5 58. Qg7# 1-0

[Event "IX Floripa Chess Open Fort Atacadista"]
[Site "Florianópolis - Santa Catari"]
[Date "2023.01.26"]
[Round "6.31"]
[White "Freitas, Ronan Cunha"]
[Black "Heinechen, Juan"]
[Result "1/2-1/2"]
[WhiteElo "1898"]
[BlackElo "2146"]
[PlyCount "24"]
[EventDate "2023.01.23"]
[EventRounds "10"]
[EventCountry "BRA"]

1. d4 Nf6 2. c4 e6 3. Nf3 Bb4+ 4. Nbd2 b6 5. g3 Bb7 6. Bg2 O-O 7. O-O Bxd2 8.
Qxd2 d6 9. a3 Nbd7 10. b4 Qe7 11. Bb2 Be4 12. Qe3 Rac8 1/2-1/2

[Event "IX Floripa Chess Open Fort Atacadista"]
[Site "Florianópolis - Santa Catari"]
[Date "2023.01.26"]
[Round "6.32"]
[White "Da Silva, Lucas Pereira Mende"]
[Black "Saito, Vinicius"]
[Result "1/2-1/2"]
[WhiteElo "1838"]
[BlackElo "2138"]
[PlyCount "81"]
[EventDate "2023.01.23"]
[EventRounds "10"]
[EventCountry "BRA"]

1. e4 c5 2. Nf3 d6 3. Bb5+ Bd7 4. Bxd7+ Qxd7 5. d4 cxd4 6. Nxd4 g6 7. c4 Bg7 8.
O-O Nf6 9. f3 O-O 10. Be3 Nc6 11. Nc3 Rac8 12. b3 a6 13. Rc1 Nxd4 14. Bxd4 b5
15. Nd5 Nxd5 16. Bxg7 Kxg7 17. cxd5 Qa7+ 18. Kh1 h5 19. Qd2 a5 20. Rxc8 Rxc8
21. Rc1 Rxc1+ 22. Qxc1 Qf2 23. a4 bxa4 24. Qa1+ Kg8 25. bxa4 f6 26. h3 Qe3 27.
Qb1 Kf7 28. Qb5 Qe1+ 29. Kh2 f5 30. Qd7 fxe4 31. Qe6+ Kf8 32. Qc8+ Kg7 33. Qe6
Qh4 34. g3 Qf6 35. Qxe4 Qb2+ 36. Kg1 Qc1+ 37. Kf2 Qd2+ 38. Kf1 Qd1+ 39. Kf2
Qd2+ 40. Kf1 Qd1+ 41. Kf2 1/2-1/2

[Event "IX Floripa Chess Open Fort Atacadista"]
[Site "Florianópolis - Santa Catari"]
[Date "2023.01.26"]
[Round "6.33"]
[White "Gatelli, Jacson Henrique"]
[Black "Campelo, Leandro Fabricio"]
[Result "0-1"]
[WhiteElo "1820"]
[BlackElo "2125"]
[PlyCount "60"]
[EventDate "2023.01.23"]
[EventRounds "10"]
[EventCountry "BRA"]

1. d4 Nf6 2. c4 g6 3. Nc3 Bg7 4. Nf3 O-O 5. e4 d6 6. Bg5 h6 7. Bh4 c5 8. d5 g5
9. Bg3 Nh5 10. Qc2 a6 11. Bd3 b5 12. cxb5 axb5 13. Bxb5 Qa5 14. Bd3 Na6 15. O-O
Nxg3 16. hxg3 Nb4 17. Qd2 Nxd3 18. Qxd3 Ba6 19. Qc2 Bxf1 20. Kxf1 Rfb8 21. Nd2
Rb4 22. a3 Bxc3 23. Qxc3 Qb5+ 24. Kg1 Rxb2 25. f4 Ra4 26. fxg5 hxg5 27. e5 Rd4
28. Nf3 Qe2 29. Ne1 Rxd5 30. exd6 Qf2+ 0-1

[Event "IX Floripa Chess Open Fort Atacadista"]
[Site "Florianópolis - Santa Catari"]
[Date "2023.01.26"]
[Round "6.34"]
[White "Kropff, Ricardo"]
[Black "Cruz, Natan Gomes"]
[Result "1-0"]
[WhiteElo "2125"]
[BlackElo "1891"]
[PlyCount "107"]
[EventDate "2023.01.23"]
[EventRounds "10"]
[EventCountry "BRA"]

1. e4 e6 2. d4 d5 3. e5 c5 4. c3 Nc6 5. Nf3 Qb6 6. a3 c4 7. Nbd2 Na5 8. Rb1 Bd7
9. h4 Ne7 10. g3 h6 11. h5 Qc7 12. Bh3 Nec6 13. O-O Be7 14. Ne1 O-O-O 15. f4
Rhg8 16. Ndf3 Nb3 17. Be3 g6 18. hxg6 Rxg6 19. Kh2 Rdg8 20. Rg1 Bd8 21. Bf2 Kb8
22. Ng2 b5 23. Qe2 a5 24. Nfh4 R6g7 25. f5 Bg5 26. Nf4 Qc8 27. Be3 Rh7 28. Rbf1
Nd8 29. Nh5 Rhh8 30. Rg2 Qc6 31. Rgf2 Bc8 32. Ng2 Kb7 33. Ngf4 Qb6 34. Nf6 Bxf6
35. exf6 Qd6 36. Qf3 Kc6 37. fxe6 Nxe6 38. Nxe6 Bxe6 39. Bf4 Qd7 40. Bxe6 Qxe6
41. Re2 Qxf6 42. Be5 Qxf3 43. Rxf3 Re8 44. Rf6+ Kb7 45. Rxf7+ Ka8 46. Ref2 Rhg8
47. R2f6 Nc5 48. Rc6 Rxe5 49. dxe5 Nd3 50. e6 Ne5 51. Ra6+ Kb8 52. Rfa7 Ng4+
53. Kh3 Nf2+ 54. Kg2 1-0

[Event "IX Floripa Chess Open Fort Atacadista"]
[Site "Florianópolis - Santa Catari"]
[Date "2023.01.26"]
[Round "6.35"]
[White "Marra, Eduardo Da Costa"]
[Black "Cardoso, Leandro Ubialli"]
[Result "1/2-1/2"]
[WhiteElo "2275"]
[BlackElo "1732"]
[PlyCount "45"]
[EventDate "2023.01.23"]
[EventRounds "10"]
[EventCountry "BRA"]

1. e4 e6 2. d4 d5 3. e5 c5 4. c3 Nc6 5. Nf3 Qb6 6. Bd3 Bd7 7. O-O cxd4 8. Re1
Rc8 9. Qe2 Nge7 10. h4 dxc3 11. bxc3 d4 12. Qe4 dxc3 13. Nxc3 Qb4 14. Nb5 Nd5
15. Qe2 Qg4 16. Qb2 Ncb4 17. Bb1 Rxc1 18. Qxc1 Nf4 19. g3 Qxf3 20. gxf4 Qg4+
21. Kh2 Qxh4+ 22. Kg1 Qg4+ 23. Kh2 1/2-1/2

[Event "IX Floripa Chess Open Fort Atacadista"]
[Site "Florianópolis - Santa Catari"]
[Date "2023.01.26"]
[Round "6.36"]
[White "Villalba, Marcelo"]
[Black "Silva, Guilherme Henrique "]
[Result "0-1"]
[WhiteElo "2269"]
[BlackElo "2034"]
[PlyCount "120"]
[EventDate "2023.01.23"]
[EventRounds "10"]
[EventCountry "BRA"]

1. d4 Nf6 2. Nf3 e6 3. c4 b6 4. a3 Bb7 5. Nc3 Be7 6. Qc2 c5 7. d5 exd5 8. cxd5
Bxd5 9. Nxd5 Nxd5 10. e4 Nc7 11. Bc4 O-O 12. O-O Nc6 13. Be3 d5 14. exd5 Nxd5
15. Qe4 Nxe3 16. fxe3 Rc8 17. Rad1 Qc7 18. Rd5 Bf6 19. Ng5 Bxg5 20. Rxg5 Qe7
21. Qg4 Qxe3+ 22. Kh1 Qd4 23. Bxf7+ Kh8 24. Qh3 Qe4 25. Rgf5 h6 26. Rf6 Qh7 27.
Bg6 Qg8 28. Bf7 Qh7 29. Bg6 Rxf6 30. Rxf6 Qg8 31. Bf7 Qf8 32. Rf3 Ne5 33. Rf1
Nxf7 34. Rxf7 Qxf7 35. Qxc8+ Kh7 36. Qa6 Qd7 37. Qe2 b5 38. Qe4+ g6 39. h3 Qc7
40. a4 a6 41. axb5 axb5 42. Qe8 Qb7 43. Qf8 Qg7 44. Qxc5 Qxb2 45. Kh2 h5 46.
Qd6 Qg7 47. Qb6 Qd7 48. h4 Kg7 49. g3 Kh7 50. Kg2 Qd2+ 51. Kh3 b4 52. Qc7+ Kh6
53. Qf7 Qd6 54. Kh2 Qc5 55. Qg8 Qf2+ 56. Kh3 Qf5+ 57. Kh2 Qf6 58. Kh3 Qg7 59.
Qc4 Qb7 60. Qg8 Qh1# 0-1

[Event "IX Floripa Chess Open Fort Atacadista"]
[Site "Florianópolis - Santa Catari"]
[Date "2023.01.26"]
[Round "6.37"]
[White "Cominato Neto, Jose Luis"]
[Black "Segato, Pedro Henrique Pedr"]
[Result "1/2-1/2"]
[WhiteElo "2260"]
[BlackElo "1999"]
[PlyCount "66"]
[EventDate "2023.01.23"]
[EventRounds "10"]
[EventCountry "BRA"]

1. e4 e6 2. d4 d5 3. exd5 exd5 4. c4 Nf6 5. Nc3 Nc6 6. c5 Be7 7. Bb5 Bd7 8. Nf3
O-O 9. Bxc6 Bxc6 10. Ne5 Be8 11. Bg5 c6 12. O-O Nd7 13. Bxe7 Qxe7 14. Re1 Qd8
15. b4 f6 16. Nxd7 Qxd7 17. Qb3 Bg6 18. b5 Rfe8 19. a4 Rxe1+ 20. Rxe1 Re8 21.
Rxe8+ Qxe8 22. Qd1 Bc2 23. Qd2 Bb3 24. f3 Bc4 25. Kf2 Qg6 26. bxc6 bxc6 27. Nd1
Bb3 28. Ne3 Bxa4 29. Qa5 Qd3 30. Qd8+ Kf7 31. Qd7+ Kf8 32. Qd8+ Kf7 33. Qd7+
Kf8 1/2-1/2

[Event "IX Floripa Chess Open Fort Atacadista"]
[Site "Florianópolis - Santa Catari"]
[Date "2023.01.26"]
[Round "6.38"]
[White "Lutz, Igor Oscar"]
[Black "Terao, Juliana Sayumi"]
[Result "0-1"]
[WhiteElo "2022"]
[BlackElo "2243"]
[PlyCount "40"]
[EventDate "2023.01.23"]
[EventRounds "10"]
[EventCountry "BRA"]

1. d4 Nf6 2. c4 e6 3. g3 d5 4. Nf3 dxc4 5. Qa4+ Nbd7 6. Qxc4 a6 7. Bg2 b5 8.
Qc2 Bb7 9. Bd2 c5 10. O-O Rc8 11. dxc5 Bxc5 12. Qd3 Be4 13. Qb3 Bc2 14. Qc3 b4
15. Qxc2 Bxf2+ 16. Rxf2 Rxc2 17. Bxb4 Qb6 18. Bc3 Rc1+ 19. Bf1 Rxc3 20. Nxc3
Qxb2 0-1

[Event "IX Floripa Chess Open Fort Atacadista"]
[Site "Florianópolis - Santa Catari"]
[Date "2023.01.26"]
[Round "6.40"]
[White "Do Valle Cardoso, Lucas"]
[Black "Mendez Machado, Andre"]
[Result "1-0"]
[WhiteElo "2206"]
[BlackElo "1986"]
[PlyCount "109"]
[EventDate "2023.01.23"]
[EventRounds "10"]
[EventCountry "BRA"]

1. e4 e5 2. Nf3 Nc6 3. d4 exd4 4. Bc4 Nf6 5. e5 d5 6. Bb5 Ne4 7. Nxd4 Bd7 8.
Bxc6 bxc6 9. O-O Bc5 10. f3 Ng5 11. f4 Ne4 12. Be3 Qb8 13. b3 Bb6 14. Nd2 Nxd2
15. Qxd2 c5 16. Nf3 Qb7 17. a4 a5 18. Rad1 Bc6 19. Qf2 d4 20. Bc1 O-O-O 21. Nd2
f5 22. Nc4 h5 23. Bd2 Rh6 24. h4 Rg6 25. g3 Qa6 26. Kh2 Be4 27. Qe2 Qa8 28. Be1
Re8 29. c3 Ree6 30. cxd4 cxd4 31. Qd2 Rc6 32. Bf2 Bd5 33. Nxb6+ Rxb6 34. Qxd4
Bxb3 35. Qd7+ Kb7 36. Bxb6 Rxb6 37. Rb1 Qa6 38. Rbc1 Qe2+ 39. Kg1 Qe3+ 40. Kg2
Bc4 41. Rxc4 Qe2+ 42. Rf2 Qxc4 43. Qxf5 Qd5+ 44. Kh2 Qd1 45. Qe4+ Ka7 46. Rc2
Kb8 47. Re2 Rb4 48. Qf3 Rb3 49. Qg2 Qd7 50. e6 Qe7 51. Qd5 Rb1 52. Qxa5 Rb6 53.
Qf5 Kc8 54. Qf7 Kd8 55. Qxh5 1-0

[Event "IX Floripa Chess Open Fort Atacadista"]
[Site "Florianópolis - Santa Catari"]
[Date "2023.01.26"]
[Round "6.41"]
[White "Guimaraes, Wagner Peixoto"]
[Black "Carvalho Jr, Celestino"]
[Result "1-0"]
[WhiteElo "2199"]
[BlackElo "1953"]
[PlyCount "73"]
[EventDate "2023.01.23"]
[EventRounds "10"]
[EventCountry "BRA"]

1. Nf3 Nf6 2. d4 d5 3. c4 e6 4. g3 Be7 5. Bg2 O-O 6. O-O Nbd7 7. Qc2 c6 8. Rd1
Ne4 9. b3 f5 10. e3 g5 11. Ne5 Nxe5 12. dxe5 g4 13. Nc3 Qe8 14. f3 gxf3 15.
Bxf3 Qg6 16. Ne2 Bg5 17. Nf4 Bxf4 18. exf4 Bd7 19. Bb2 h5 20. Qg2 Rf7 21. Rac1
Kh7 22. cxd5 exd5 23. Qh3 Kh6 24. Bd4 Be6 25. Be3 Rh8 26. Bxe4 dxe4 27. Rd6 Kg7
28. Qh4 Re8 29. h3 a6 30. Rcd1 Kh7 31. Kf2 Rfe7 32. Bb6 Qf7 33. Bd8 Rd7 34. Bg5
Kg6 35. g4 fxg4 36. hxg4 Rh8 37. Bf6 1-0

[Event "IX Floripa Chess Open Fort Atacadista"]
[Site "Florianópolis - Santa Catari"]
[Date "2023.01.26"]
[Round "6.42"]
[White "Lima, Vinicius Taishun"]
[Black "Nemeth Junior, Henrique"]
[Result "0-1"]
[WhiteElo "1997"]
[BlackElo "2193"]
[PlyCount "92"]
[EventDate "2023.01.23"]
[EventRounds "10"]
[EventCountry "BRA"]

1. e4 c5 2. Nf3 e6 3. d4 cxd4 4. Nxd4 Nc6 5. Nc3 Qc7 6. Be3 a6 7. Be2 Nf6 8.
O-O Be7 9. f4 d6 10. Qe1 O-O 11. Kh1 Nxd4 12. Bxd4 b5 13. a3 Bb7 14. Qg3 Rad8
15. Bd3 Rd7 16. Rae1 Re8 17. Re2 Qd8 18. Qh3 g6 19. Ref2 Nh5 20. Be2 Ng7 21.
Bxg7 Kxg7 22. f5 exf5 23. exf5 Bg5 24. Nxb5 Rxe2 25. Rxe2 axb5 26. Qb3 Re7 27.
Qxb5 Rxe2 28. Qxe2 Bf6 29. b4 Be5 30. Qf2 g5 31. f6+ Bxf6 32. a4 Qe7 33. b5 Bd5
34. a5 Be5 35. Qf5 h6 36. a6 Qa7 37. Qf2 Bd4 38. Qd2 Bc4 39. Rd1 Be5 40. Qb4
Be2 41. b6 Qxa6 42. Re1 Bb5 43. Rb1 Bc6 44. b7 Qe2 45. Rg1 Qh5 46. h4 Bxb7 0-1

[Event "IX Floripa Chess Open Fort Atacadista"]
[Site "Florianópolis - Santa Catari"]
[Date "2023.01.26"]
[Round "6.43"]
[White "Zacarias, M Ruben D"]
[Black "Pontes, Israel Fillip Da Si"]
[Result "1/2-1/2"]
[WhiteElo "2176"]
[BlackElo "1947"]
[PlyCount "72"]
[EventDate "2023.01.23"]
[EventRounds "10"]
[EventCountry "BRA"]

1. e4 e5 2. Nf3 Nc6 3. d4 exd4 4. Nxd4 Bc5 5. Nb3 Bb6 6. Nc3 Nf6 7. Bg5 O-O 8.
Qe2 h6 9. Bh4 d6 10. O-O-O Re8 11. f3 Be6 12. g4 a5 13. Na4 Ba7 14. Nbc5 Qc8
15. Bxf6 dxc5 16. Bh4 Nd4 17. Qg2 b5 18. Nc3 b4 19. Nb5 Nxb5 20. Bxb5 c6 21.
Ba4 c4 22. Rhe1 Qb7 23. g5 h5 24. g6 Rac8 25. Qg5 fxg6 26. Qxg6 Qf7 27. Qxf7+
Kxf7 28. Rd6 Bb8 29. Rxc6 Rxc6 30. Bxc6 Rc8 31. Bb7 Rc7 32. Bd5 Bxd5 33. exd5
Rd7 34. Bg3 Bxg3 35. hxg3 Rxd5 36. Re4 Rf5 1/2-1/2

[Event "IX Floripa Chess Open Fort Atacadista"]
[Site "Florianópolis - Santa Catari"]
[Date "2023.01.26"]
[Round "6.44"]
[White "Caetano, Hugo Zanotti Mendon"]
[Black "Caceres Benitez, Arturo Eduardo"]
[Result "1/2-1/2"]
[WhiteElo "2166"]
[BlackElo "1944"]
[PlyCount "70"]
[EventDate "2023.01.23"]
[EventRounds "10"]
[EventCountry "BRA"]

1. d4 Nf6 2. c4 e6 3. Nf3 Bb4+ 4. Nbd2 b6 5. a3 Bxd2+ 6. Qxd2 Bb7 7. g3 d5 8.
cxd5 Qxd5 9. Bg2 Nc6 10. O-O O-O-O 11. Rd1 Na5 12. Qc3 Qb3 13. Bg5 Qxc3 14.
bxc3 Nc4 15. Bxf6 gxf6 16. Nd2 Nxd2 17. Rxd2 Bxg2 18. Kxg2 f5 19. Kf3 Rhg8 20.
h3 Rd6 21. Rb2 a5 22. e3 Rc6 23. Rc1 Rc4 24. Ke2 Kb7 25. Kd3 Rc6 26. Rb5 h5 27.
h4 Rd6 28. Kc2 Ka6 29. Rcb1 Rb8 30. c4 c6 31. R5b2 Rd7 32. c5 b5 33. Rb3 Rg8
34. a4 b4 35. Rd3 Rg4 1/2-1/2

[Event "IX Floripa Chess Open Fort Atacadista"]
[Site "Florianópolis - Santa Catari"]
[Date "2023.01.26"]
[Round "6.45"]
[White "Pereira, Silvio Cunha"]
[Black "Ferraz, Michel Liah"]
[Result "1-0"]
[WhiteElo "2159"]
[BlackElo "1947"]
[PlyCount "103"]
[EventDate "2023.01.23"]
[EventRounds "10"]
[EventCountry "BRA"]

1. e4 c5 2. Nf3 Nc6 3. d4 cxd4 4. Nxd4 Nf6 5. Nc3 e5 6. Ndb5 d6 7. Bg5 a6 8.
Bxf6 gxf6 9. Na3 b5 10. Nd5 Bg7 11. c3 O-O 12. Nc2 f5 13. exf5 Bxf5 14. Nce3
Be6 15. Qh5 f5 16. Bd3 e4 17. Bc2 Ne7 18. Rd1 Ra7 19. g4 Nxd5 20. Nxd5 Kh8 21.
Ne3 Bf7 22. Qxf5 Bg6 23. Qd5 Qh4 24. Rd2 Raf7 25. Qxd6 Rf3 26. Kd1 Rxf2 27.
Rxf2 Rxf2 28. Kc1 Qg5 29. Re1 Rf3 30. Kb1 Be5 31. Qc5 Qf6 32. h4 Bd6 33. Qd5
Qxh4 34. Rd1 Be7 35. Nf5 Bxf5 36. gxf5 Rf4 37. Qe5+ Bf6 38. Qe8+ Kg7 39. a4
bxa4 40. Rd7+ Kh6 41. Qg8 Be7 42. Qe6+ Bf6 43. Rf7 Qe1+ 44. Ka2 Rf1 45. Qxf6+
Kh5 46. Rxh7+ Kg4 47. Qg6+ Kf4 48. Qh6+ Kf3 49. Qh5+ Ke3 50. Qg5+ Kf3 51. Rh3+
Ke2 52. Qe3# 1-0

[Event "IX Floripa Chess Open Fort Atacadista"]
[Site "Florianópolis - Santa Catari"]
[Date "2023.01.26"]
[Round "6.46"]
[White "Piccoli, Lucas Fonseca"]
[Black "Souza, Ramon Santana De"]
[Result "1/2-1/2"]
[WhiteElo "2148"]
[BlackElo "1933"]
[PlyCount "85"]
[EventDate "2023.01.23"]
[EventRounds "10"]
[EventCountry "BRA"]

1. c4 g6 2. Nc3 Bg7 3. g3 d6 4. Bg2 e5 5. d3 Nc6 6. Rb1 f5 7. e3 Nf6 8. Nge2
O-O 9. O-O g5 10. f4 h6 11. b4 a5 12. b5 Ne7 13. Ba3 Ng6 14. fxe5 Nxe5 15. Qd2
Rb8 16. Nd4 Nh5 17. c5 f4 18. cxd6 fxg3 19. h3 cxd6 20. Ne4 g4 21. Bxd6 Rf2 22.
Rxf2 gxf2+ 23. Qxf2 gxh3 24. Bxb8 Ng4 25. Qf3 Bxd4 26. exd4 Qxd4+ 27. Nf2 hxg2
28. Re1 Bd7 29. Re4 Qa1+ 30. Kxg2 Nxf2 31. Kxf2 Nf6 32. Rf4 Qxa2+ 33. Kg3 Nh7
34. Rd4 Qe6 35. Qxb7 Nf6 36. Qf3 Bxb5 37. Rf4 Kg7 38. Rf5 Bd7 39. Re5 Qh3+ 40.
Kf4 Qh4+ 41. Ke3 Ng4+ 42. Kd2 Nxe5 43. Bxe5+ 1/2-1/2

[Event "IX Floripa Chess Open Fort Atacadista"]
[Site "Florianópolis - Santa Catari"]
[Date "2023.01.26"]
[Round "6.47"]
[White "Bueno, Alfeu Junior Varela"]
[Black "Fischer, Ivo Lucio"]
[Result "1-0"]
[WhiteElo "2145"]
[BlackElo "1926"]
[PlyCount "75"]
[EventDate "2023.01.23"]
[EventRounds "10"]
[EventCountry "BRA"]

1. e4 c5 2. Nc3 e6 3. f4 Nc6 4. Nf3 d6 5. Bb5 Nge7 6. d3 a6 7. Bxc6+ Nxc6 8.
O-O g6 9. Be3 Bg7 10. d4 cxd4 11. Nxd4 O-O 12. Qd2 Qe7 13. Rad1 Rd8 14. Nxc6
bxc6 15. Bc5 e5 16. f5 Qb7 17. b3 Bf8 18. Be3 d5 19. Bh6 Qb4 20. Bxf8 Qxf8 21.
exd5 Bxf5 22. h3 Qd6 23. g4 Qc5+ 24. Kh2 Be6 25. Ne4 Qf8 26. Nf6+ Kh8 27. d6
Rac8 28. Qe3 c5 29. c4 Qg7 30. Qxe5 Bd7 31. Rfe1 Be6 32. Re4 Rc6 33. Re2 a5 34.
g5 h5 35. d7 Qf8 36. Nxh5+ Kh7 37. Nf6+ Kh8 38. Re4 1-0

[Event "IX Floripa Chess Open Fort Atacadista"]
[Site "Florianópolis - Santa Catari"]
[Date "2023.01.26"]
[Round "6.48"]
[White "Lima, Stefan Moisei Vieir"]
[Black "Vargas, Gabriela"]
[Result "1-0"]
[WhiteElo "1991"]
[BlackElo "2145"]
[PlyCount "79"]
[EventDate "2023.01.23"]
[EventRounds "10"]
[EventCountry "BRA"]

1. d4 d5 2. c4 e6 3. Nf3 c6 4. e3 Nf6 5. Nc3 Nbd7 6. Qc2 Bd6 7. Bd3 dxc4 8.
Bxc4 b5 9. Be2 Bb7 10. O-O O-O 11. e4 e5 12. dxe5 Nxe5 13. Nd4 Neg4 14. g3 Bxg3
15. hxg3 Qxd4 16. Qd1 Qxd1 17. Rxd1 Rad8 18. Bf4 Bc8 19. f3 Nh6 20. Bc7 Rxd1+
21. Rxd1 Re8 22. b4 g5 23. Rd4 Kg7 24. Kg2 a6 25. Rd6 Re6 26. Rd8 Re8 27. e5
Nd5 28. Rxe8 Nxc3 29. Rxc8 Nxe2 30. Bd6 Nd4 31. g4 f6 32. Bf8+ Kg6 33. Bc5 fxe5
34. Bxd4 exd4 35. Rxc6+ Kg7 36. Rxa6 Nf7 37. Rb6 Ne5 38. Rxb5 Kf6 39. Rd5 d3
40. Kf2 1-0

[Event "IX Floripa Chess Open Fort Atacadista"]
[Site "Florianópolis - Santa Catari"]
[Date "2023.01.26"]
[Round "6.49"]
[White "Burgos, Marcelo Alves"]
[Black "Da Luz, Felipe Garcia"]
[Result "1-0"]
[WhiteElo "2143"]
[BlackElo "1914"]
[PlyCount "105"]
[EventDate "2023.01.23"]
[EventRounds "10"]
[EventCountry "BRA"]

1. d4 d5 2. c4 e6 3. g3 Nf6 4. Bg2 Be7 5. Nf3 O-O 6. O-O b6 7. cxd5 exd5 8. Ne5
Bb7 9. Nc3 c6 10. a4 Nbd7 11. Nd3 a5 12. Re1 Re8 13. Bf4 Nf8 14. Ne5 Ng6 15.
Nxg6 hxg6 16. Qb3 Nh5 17. Bd2 Nf6 18. Rad1 Bb4 19. Bg5 Qd6 20. f3 c5 21. e3
cxd4 22. exd4 Rxe1+ 23. Rxe1 Re8 24. Rxe8+ Nxe8 25. Na2 Qe6 26. Nxb4 Qe1+ 27.
Bf1 axb4 28. Qe3 Qxe3+ 29. Bxe3 b3 30. Bf4 Kf8 31. Bb5 Ke7 32. Kf2 Nd6 33.
Bxd6+ Kxd6 34. Ke3 Bc8 35. g4 Ke7 36. Kd2 Kf6 37. h4 g5 38. h5 Ke7 39. Kc3 f5
40. Be2 fxg4 41. fxg4 Kd6 42. Kxb3 Be6 43. Kb4 Bd7 44. a5 bxa5+ 45. Kxa5 Kc7
46. Ka6 Bc8+ 47. Ka7 Bd7 48. b4 Bc8 49. b5 Bb7 50. Bd1 Kc8 51. Ba4 Kc7 52. b6+
Kc8 53. Bb5 1-0

[Event "IX Floripa Chess Open Fort Atacadista"]
[Site "Florianópolis - Santa Catari"]
[Date "2023.01.26"]
[Round "6.50"]
[White "Curi, Gabriel"]
[Black "Bail, Ellen Larissa"]
[Result "1-0"]
[WhiteElo "2136"]
[BlackElo "1913"]
[PlyCount "75"]
[EventDate "2023.01.23"]
[EventRounds "10"]
[EventCountry "BRA"]

1. d4 d5 2. Nc3 Nf6 3. Bf4 a6 4. e3 c5 5. dxc5 Nc6 6. Nf3 Bg4 7. Be2 e6 8. Na4
Ne4 9. O-O Nxc5 10. c4 dxc4 11. Nxc5 Qxd1 12. Rfxd1 Bxc5 13. Rac1 b5 14. Bxc4
bxc4 15. Rxc4 Bxe3 16. fxe3 Ne7 17. e4 O-O 18. Rd7 Ng6 19. Bd6 Rfd8 20. Rxd8+
Rxd8 21. Bg3 Nf8 22. Ra4 Bxf3 23. gxf3 Rd1+ 24. Kf2 Rd2+ 25. Ke3 Rxb2 26. Rxa6
f6 27. Bd6 Nd7 28. a4 e5 29. Kd3 Kf7 30. h4 h5 31. Kc4 Rb6 32. Rxb6 Nxb6+ 33.
Kb5 Nxa4 34. Kxa4 Ke6 35. Bc5 g5 36. Bf2 f5 37. Kb4 f4 38. Kc5 1-0

[Event "IX Floripa Chess Open Fort Atacadista"]
[Site "Florianópolis - Santa Catari"]
[Date "2023.01.26"]
[Round "6.51"]
[White "Volkmann, Andre Jordi"]
[Black "Calsing, Ado"]
[Result "1-0"]
[WhiteElo "2129"]
[BlackElo "1863"]
[PlyCount "75"]
[EventDate "2023.01.23"]
[EventRounds "10"]
[EventCountry "BRA"]

1. d4 Nf6 2. c4 g6 3. f3 d5 4. cxd5 Nxd5 5. e4 Nb6 6. Nc3 Bg7 7. Be3 O-O 8. Qd2
Nc6 9. Rd1 e5 10. d5 Nd4 11. f4 c5 12. fxe5 Bg4 13. Be2 Bxe2 14. Ngxe2 Nc4 15.
Bg5 f6 16. Nxd4 Nxd2 17. Ne6 Qb6 18. Bxd2 Rfe8 19. Nxg7 Kxg7 20. e6 Qd6 21. O-O
a6 22. Ne2 Rf8 23. Bc3 Qe7 24. Nf4 Qd6 25. e7 Qxe7 26. Ne6+ Kg8 27. Nxf8 Rxf8
28. d6 Qe6 29. d7 Rd8 30. Rxf6 Qg4 31. Rfd6 Qf4 32. e5 b5 33. e6 b4 34. e7 Qe3+
35. Kh1 Qxe7 36. Bf6 Qf8 37. Bxd8 Qxd8 38. Re6 1-0

[Event "IX Floripa Chess Open Fort Atacadista"]
[Site "Florianópolis - Santa Catari"]
[Date "2023.01.26"]
[Round "6.52"]
[White "Dauer, Andre Leonardo"]
[Black "Becker, Rogerio Sperb"]
[Result "1-0"]
[WhiteElo "1990"]
[BlackElo "2128"]
[PlyCount "85"]
[EventDate "2023.01.23"]
[EventRounds "10"]
[EventCountry "BRA"]

1. e4 c6 2. d4 d5 3. Nd2 dxe4 4. Nxe4 Nf6 5. Nxf6+ exf6 6. c3 Bd6 7. Bd3 O-O 8.
Qc2 Re8+ 9. Ne2 h5 10. Be3 Be6 11. Ng3 h4 12. Nf5 Bxf5 13. Bxf5 Bf4 14. O-O-O
Bxe3+ 15. fxe3 Rxe3 16. Qf2 Re8 17. Qxh4 g6 18. Rd3 Kg7 19. Rh3 Rh8 20. Qxh8+
Qxh8 21. Rxh8 Kxh8 22. Bc8 a5 23. Re1 Ra7 24. Re7 Kg8 25. Rxb7 Rxb7 26. Bxb7
Kf8 27. b4 axb4 28. cxb4 Ke7 29. d5 cxd5 30. Bxd5 f5 31. Kd2 f6 32. Kd3 Kd6 33.
Kd4 g5 34. g3 Na6 35. b5 Nc7 36. Bc4 Na8 37. a4 Nb6 38. a5 Nd7 39. a6 Kc7 40.
Be6 Ne5 41. a7 Kb7 42. b6 Nc6+ 43. Kc5 1-0

[Event "IX Floripa Chess Open Fort Atacadista"]
[Site "Florianópolis - Santa Catari"]
[Date "2023.01.26"]
[Round "6.53"]
[White "Moura, Eduardo Eugenio Cha"]
[Black "Silva, Ezequiel Demetras"]
[Result "1/2-1/2"]
[WhiteElo "2127"]
[BlackElo "1811"]
[PlyCount "40"]
[EventDate "2023.01.23"]
[EventRounds "10"]
[EventCountry "BRA"]

1. e4 c5 2. d4 cxd4 3. c3 dxc3 4. Nxc3 e6 5. Nf3 Nc6 6. Bc4 Bb4 7. O-O Nge7 8.
Qc2 Ng6 9. Rd1 a6 10. Be3 O-O 11. a3 Be7 12. Ba2 b5 13. Rd2 Bb7 14. Rad1 Qc7
15. Rxd7 Qc8 16. Bb6 Bd8 17. Bxd8 Rxd8 18. Rxd8+ Nxd8 19. Qd2 Nc6 20. Qd6 Qd8
1/2-1/2